| 000 | 00823nam a2200217Ia 4500 | ||
|---|---|---|---|
| 003 | GCL | ||
| 008 | 140319s9999 xx 000 0 ara d | ||
| 040 |
_aGCL / _cGCL |
||
| 082 | 0 | 4 |
_a812.009 _bح م |
| 100 | 1 | _aمحمد يسرى خميس | |
| 245 | 1 | 0 |
_aالموسم المسرحى 2003-2004 : _bرصد توثيقى للحركة المسرحية من عام 1952 / _cمحمد يسرى خميس |
| 260 |
_aالقاهرة : _bالمركز القومى للمسرح والموسيقى ، _c2005 |
||
| 300 |
_a303 ص ؛ _c25 سم |
||
| 490 |
_aالمسرح المصرى _v11 |
||
| 650 | 0 | 4 | _aالفن المسرحى |
| 650 | 0 | 4 | _aالمسرح - تاريخ ونقد |
| 650 | 0 | 4 | _aالمسرح الكوميدى |
| 650 | 0 | 4 | _aالعروض المسرحية |
| 650 | 0 | 4 | _aالمسرح - تاريخ - مصر |
| 942 |
_2ddc _cBK |
||
| 999 |
_c7650 _d7650 |
||